000 004500000a22001930004500
001 432
003 CO-MdFUSB
005 20170515155028.0
008 170515b xxu||||| |||| 00| 0 eng d
020 _a958-04-6034-5
040 _cCO-MdBIC
082 0 4 _a863C B862p
100 1 _aSteig, William
245 1 0 _aPedro es una pizza / William Steig
260 _aColombia : Norma
300 _a30 P.
650 1 4 _aLiteratura Infantil
942 _cLGB
999 _c47674
_d47674